000 00551nam a22001697a 4500
005 20251108165917.0
008 250721s1986 xx 000 0 ara d
082 1 4 _aق/مور
100 1 _aمورافيا، البرتو
245 1 0 _aتسير نائمة :
_bمحرومة من الغريزة : مخطوفة : متشردة : الدولاب /
264 1 _aبيروت :
_bدار إبن زيدون،
_c1986.
300 _a48ص
650 1 7 _aالأدب القصصي
700 1 _aمحرم، نهاد
_eترجمة
942 _2ddc
_cBK
999 _c34567
_d34567